Pequeño cúmulo de abismos / (Record no. 137004)

MARC details
000 -CABECERA
campo de control de longitud fija 01654nam a22003254i 4500
001 - NÚMERO DE CONTROL
campo de control 991061597662706706
003 - IDENTIFICADOR DEL NÚMERO DE CONTROL
campo de control ES-BaIT
005 - FECHA Y HORA DE LA ÚLTIMA TRANSACCIÓN
campo de control 20260203124909.0
008 - DATOS DE LONGITUD FIJA--INFORMACIÓN GENERAL
campo de control de longitud fija 260126e202401 sp o 000 d spa c
017 ## - NÚMERO DE COPYRIGHT O DE DEPÓSITO LEGAL
Número de copyright o de depósito legal DL M 29602-2023
Agencia que asigna Oficina DL Madrid
020 ## - NÚMERO INTERNACIONAL ESTÁNDAR DEL LIBRO
Número Internacional Estándar del Libro 9788490414781
040 ## - FUENTE DE LA CATALOGACIÓN
Centro catalogador/agencia de origen ES-BaIT
Lengua de catalogación cat
Normas de descripción rda
Centro/agencia transcriptor ES-BaIT
080 ## - NÚMERO DE LA CLASIFICACIÓN DECIMAL UNIVERSAL
Número de la Clasificación Decimal Universal 860-2"20"
100 1# - ENTRADA PRINCIPAL--NOMBRE DE PERSONA
Nombre de persona Blanco, Cris
Término indicativo de función/relación autor
9 (RLIN) 168306
245 10 - MENCIÓN DE TÍTULO
Título Pequeño cúmulo de abismos /
Mención de responsabilidad, etc. Cris Blanco
250 ## - MENCIÓN DE EDICIÓN
Mención de edición Primera edición
264 #1 - PRODUCCIÓN, PUBLICACIÓN, DISTRIBUCIÓN, FABRICACIÓN Y COPYRIGHT
Producción, publicación, distribución, fabricación y copyright [Madrid] :
Nombre del de productor, editor, distribuidor, fabricante Centro Dramático Nacional,
Fecha de producción, publicación, distribución, fabricación o copyright enero 2024
300 ## - DESCRIPCIÓN FÍSICA
Extensión 73 pàgines :
Otras características físicas fotografies (en color) ;
Dimensiones 22 cm
336 ## - TIPO DE CONTENIDO
Término de tipo de contenido text
Código de tipo de contenido txt
Fuente rdacontent
337 ## - TIPO DE MEDIO
Nombre/término del tipo de medio sense mediació
Código del tipo de medio n
Fuente rdamedia
338 ## - TIPO DE SOPORTE
Nombre/término del tipo de soporte volum
Código del tipo de soporte nc
Fuente rdacarrier
490 1# - MENCIÓN DE SERIE
Especificación de materiales Centro Dramático Nacional ;
Designación de volumen o secuencia 28
500 ## - NOTA GENERAL
Nota general P4: D3, H1
520 ## - SUMARIO, ETC.
Sumario, etc. "Siempre he intentado no molestar, pasar desapercibida, hacer poco ruido, camuflar mi hipersensibilidad entre los cientos de niños de mi colegio público. Esto lo quería contar en esta obra. Esto y que me criaron tres mujeres maravillosas que vinieron del pueblo y que con su amor e inocencia rompieron todos los protocolos de la gran ciudad y de las élites y la impostura. Iba a contar todo esto, pero me impidió hacerlo un agujero negro que me encontré en la pared del teatro. Menos mal. Os habéis librado de otra obra autobiográfica de poca monta. Dadle las gracias a David Hasselhoff, a María Guerrero y a Mari Trini." -- Coberta
650 #0 - PUNTO DE ACCESO ADICIONAL DE MATERIA--TÉRMINO DE MATERIA
Término de materia o nombre geográfico como elemento de entrada Metateatre
Subdivisión de forma Textos dramàtics
9 (RLIN) 79599
830 ## - PUNTO DE ACCESO ADICIONAL DE SERIE-TÍTULO UNIFORME
Título uniforme Centro Dramático Nacional (Col·lecció)
9 (RLIN) 167359
Designación de volumen o secuencia 28
908 ## - COLOCAR PARÁMETRO DE COMANDO (RLIN)
Colocar parámetro de comando CDMAE
940 ## - EQUIVALENCIA O REFERENCIA-CRUZADA--TÍTULO UNIFORME [OBSOLETO] [solamente CAN/MARC]
Título uniforme <a href="CVA38">CVA38</a>
942 ## - ELEMENTOS DE ENTRADA AGREGADA (KOHA)
Fuente del sistema de clasificación o colocación Clasificación decimal universal
Tipo de ítem Koha Llibre
Holdings
Estado de retiro Estado de pérdida Fuente del sistema de clasificación o colocación Estado dañado No para préstamo Localización permanente Ubicación/localización actual Ubicación en estantería Fecha de adquisición Fuente de adquisición Total de préstamos Signatura topográfica completa Código de barras Fecha visto por última vez Precio válido a partir de Tipo de ítem Koha
    Clasificación decimal universal     Biblioteca Barcelona Biblioteca Barcelona BCN Lliure Accés 03/02/2026 Compra   860 BLA peq 1900089699 03/02/2026 03/02/2026 Llibre

Powered by Koha